<?xml version="1.0" encoding="UTF-8"?>
<record
    xmlns:xsi="http://www.w3.org/2001/XMLSchema-instance"
    xsi:schemaLocation="http://www.loc.gov/MARC21/slim http://www.loc.gov/standards/marcxml/schema/MARC21slim.xsd"
    xmlns="http://www.loc.gov/MARC21/slim">

  <leader>01237nam a22002657a 4500</leader>
  <datafield tag="999" ind1=" " ind2=" ">
    <subfield code="c">161990</subfield>
    <subfield code="d">161990</subfield>
  </datafield>
  <controlfield tag="005">20190305161026.0</controlfield>
  <controlfield tag="008">190301b           ||||| |||| 00| 0 eng d</controlfield>
  <datafield tag="010" ind1=" " ind2=" ">
    <subfield code="a">B-713156-157</subfield>
  </datafield>
  <datafield tag="020" ind1=" " ind2=" ">
    <subfield code="a">9789312145975  Vol-1</subfield>
    <subfield code="c">645.00</subfield>
  </datafield>
  <datafield tag="020" ind1=" " ind2=" ">
    <subfield code="a">9789312145982  Vol-2</subfield>
    <subfield code="c">645.00</subfield>
  </datafield>
  <datafield tag="035" ind1=" " ind2=" ">
    <subfield code="a">B-713156-157</subfield>
  </datafield>
  <datafield tag="037" ind1=" " ind2=" ">
    <subfield code="b">Aksharesh Enterprises</subfield>
  </datafield>
  <datafield tag="040" ind1=" " ind2=" ">
    <subfield code="a">dpl </subfield>
    <subfield code="b">en</subfield>
  </datafield>
  <datafield tag="050" ind1=" " ind2=" ">
    <subfield code="a">530</subfield>
  </datafield>
  <datafield tag="082" ind1=" " ind2=" ">
    <subfield code="a">530</subfield>
  </datafield>
  <datafield tag="100" ind1=" " ind2=" ">
    <subfield code="a">Pandey, D.C.</subfield>
  </datafield>
  <datafield tag="245" ind1=" " ind2=" ">
    <subfield code="a">Objective physics:</subfield>
    <subfield code="b">complete study pack for engineering entrances/</subfield>
    <subfield code="c">by D.C. Pandey</subfield>
  </datafield>
  <datafield tag="260" ind1=" " ind2=" ">
    <subfield code="a">Meerut</subfield>
    <subfield code="b">Arihant Prakashan </subfield>
    <subfield code="c">2017</subfield>
  </datafield>
  <datafield tag="270" ind1=" " ind2=" ">
    <subfield code="a">Kalindi, T.P.Nagar,</subfield>
    <subfield code="b">Meerut(UP)</subfield>
    <subfield code="e">250002</subfield>
    <subfield code="k">0120 2401479, 2512970, 4004199</subfield>
  </datafield>
  <datafield tag="300" ind1=" " ind2=" ">
    <subfield code="a">2v(v1-840,30p; v2-709,34p)</subfield>
    <subfield code="c">26cm(pbk)</subfield>
  </datafield>
  <datafield tag="490" ind1=" " ind2=" ">
    <subfield code="a">Arihant Prakashan (series)</subfield>
  </datafield>
  <datafield tag="500" ind1=" " ind2=" ">
    <subfield code="a">Useful for JEE main &amp; Advanced, BITSAT, MHT-CET, Andhra Pradesh &amp; Telegana States EAMCET, Karnataka CET, VIT, Kerala CEE, WB JEE &amp;UP SEE etc.</subfield>
  </datafield>
  <datafield tag="942" ind1=" " ind2=" ">
    <subfield code="2">ddc</subfield>
    <subfield code="c">EN</subfield>
    <subfield code="h">530</subfield>
    <subfield code="m">PAN</subfield>
  </datafield>
  <datafield tag="952" ind1=" " ind2=" ">
    <subfield code="0">0</subfield>
    <subfield code="1">0</subfield>
    <subfield code="2">ddc</subfield>
    <subfield code="4">0</subfield>
    <subfield code="7">0</subfield>
    <subfield code="8">NFIC</subfield>
    <subfield code="a">BL1</subfield>
    <subfield code="b">BL1</subfield>
    <subfield code="d">2019-03-01</subfield>
    <subfield code="e">Aksharesh Enterprises/0004/06.02.2019/DPL/PN/RP/2018-19/1324/29.01.2019/11.02.2019 	</subfield>
    <subfield code="g">645.00</subfield>
    <subfield code="l">0</subfield>
    <subfield code="o">530 PAN</subfield>
    <subfield code="p">B-713156</subfield>
    <subfield code="r">2019-03-01 00:00:00</subfield>
    <subfield code="t">1</subfield>
    <subfield code="v">645.00</subfield>
    <subfield code="y">EN</subfield>
  </datafield>
  <datafield tag="952" ind1=" " ind2=" ">
    <subfield code="0">0</subfield>
    <subfield code="1">0</subfield>
    <subfield code="2">ddc</subfield>
    <subfield code="4">0</subfield>
    <subfield code="7">0</subfield>
    <subfield code="8">NFIC</subfield>
    <subfield code="a">BL1</subfield>
    <subfield code="b">BL1</subfield>
    <subfield code="d">2019-03-01</subfield>
    <subfield code="e">Aksharesh Enterprises/0004/06.02.2019/DPL/PN/RP/2018-19/1324/29.01.2019/11.02.2019 	</subfield>
    <subfield code="g">645.00</subfield>
    <subfield code="l">7</subfield>
    <subfield code="m">7</subfield>
    <subfield code="o">530 PAN</subfield>
    <subfield code="p">B-713157</subfield>
    <subfield code="r">2025-05-03 00:00:00</subfield>
    <subfield code="s">2025-03-22</subfield>
    <subfield code="t">1</subfield>
    <subfield code="v">645.00</subfield>
    <subfield code="w">2019-03-01</subfield>
    <subfield code="y">EN</subfield>
  </datafield>
</record>
